00278nam a2200121Ia 4500008004100000041000900041082001500050100002100065245002400086260003000110300000800140650000800148230718s9999 xx 000 0 und d aEng. a346bKHO-P aKhorkhar, Anwer  0aPakistan Law Digest aPakistanbPakistan c1976 a626 aLaw